Tenant Fees Act 2019 (Record no. 116287)

MARC details
000 -LEADER
fixed length control field 01289cam a22002175a 4500
001 - CONTROL NUMBER
control field L160234
008 - FIXED-LENGTH DATA ELEMENTS--GENERAL INFORMATION
fixed length control field 190510s2019 xxk f 000 0 eng d
035 ## - SYSTEM CONTROL NUMBER
System control number (Sirsi) u160234
041 0# - LANGUAGE CODE
Language code of text/sound track or separate title eng
110 2# - MAIN ENTRY--CORPORATE NAME
Corporate name or jurisdiction name as entry element United Kingdom
Subordinate unit Ministry of Housing, Communities and Local Government
245 00 - TITLE STATEMENT
Title Tenant Fees Act 2019
Remainder of title Guidance for landlords and letting agents
Medium
Name of part/section/series (SE) [OBSOLETE] lectronic resource]
260 ## - PUBLICATION, DISTRIBUTION, ETC.
Place of publication, distribution, etc. London
Date of publication, distribution, etc. HMSO
Name of publisher, distributor, etc. 2019
520 ## - SUMMARY, ETC.
Summary, etc. Offers guidance to landlords and tenants on what payments tenants can be asked to pay in connection with taking out a tenancy in the private rented sector. These include rent, a refundable tenancy deposit capped at 5 weeks rent and a refundable holdng deposit capped at a weeks rent, payments to change the tenancy, payments in respect of utilities, council tax and television licence. Any other fees are considered as prohibited payments banned under the Act.
590 ## - LOCAL NOTE (RLIN)
Local note NTK
650 24 - SUBJECT ADDED ENTRY--TOPICAL TERM
Topical term or geographic name entry element TENANT FEES ACT 2019
651 #4 - SUBJECT ADDED ENTRY--GEOGRAPHIC NAME
Geographic name ENGLAND AND WALES
690 ## - LOCAL SUBJECT ADDED ENTRY--TOPICAL TERM (OCLC, RLIN)
Topical term or geographic name as entry element Residential property
9 (RLIN) 6266
690 ## - LOCAL SUBJECT ADDED ENTRY--TOPICAL TERM (OCLC, RLIN)
Topical term or geographic name as entry element Leasing/Letting
9 (RLIN) 6253
856 40 - ELECTRONIC LOCATION AND ACCESS
Uniform Resource Identifier <a href="https://https://assets.publishing.service.gov.uk/government/uploads/system/uploads/attachment_data/file/791273/TFA_Guidance_for_LandlordsAgents.pdf">https://https://assets.publishing.service.gov.uk/government/uploads/system/uploads/attachment_data/file/791273/TFA_Guidance_for_LandlordsAgents.pdf</a>
Public note View the item free of charge from the www.gov.uk.
942 ## - ADDED ENTRY ELEMENTS (KOHA)
Suppress in OPAC 0
Holdings
Withdrawn status Lost status Source of classification or shelving scheme Damaged status Not for loan Home library Current library Shelving location Date acquired Total Checkouts Full call number Barcode Date last seen Copy number Price effective from Koha item type
    Dewey Decimal Classification     Virtual Virtual Online 10/05/2019   ONLINE PUBLICATON 160234-2001 06/08/2019 1 06/08/2019 Book